000 00431cam a2200169ua 4500
003 OSt
008 240322b |||||||| |||| 00| 0 eng d
020 _a0-13-555798-4
041 _aeng
082 _a670
_bPOL/MA
100 _aHeman, W Pollack .
_96173
245 _aManufacturing and machine tool operations /
250 _a3rd ed.
260 _aNew Jersey :
_bPrentice Hall Inc ,
_c1997.
300 _a445 ; .
942 _cBK
999 _c11242
_d11242